Jurorzy Twoja twarz brzmi znajomo - Statystyki

Ogólne statystyki
  • Ten quiz został rozwiązany 7 razy
  • Średni wynik to 15 z 22
Statystyki odpowiedzi
Edycja Jurorzy Jurorzy Jurorzy Jurorzy % Poprawnych
1 edycja Katarzyna Kwiatkowska MałgorzataWalewska Paweł Królikowski Adam Dj Adamus Jaworski
100%
2 edycja Katarzyna Skrzynecka Małgorzata Walewska PawełKrólikowski Adam Dj AdamusJaworski
83%
3 edycja Katarzyna Skrzynecka Małgorzata Walewska Paweł Królikowski Adam Dj AdamusJaworski
83%
10 edycja Katarzyna Skrzynecka Małgorzata Walewska Paweł Królikowski Kacper Kuszewski
67%
11 edycja Katarzyna Skrzynecka Małgorzata Walewska Paweł Królikowski Kacper Kuszewski
67%
12 edycja Katarzyna Skrzynecka Małgorzata Walewska Paweł Królikowski Kacper Kuszewski
67%
13 edycja Katarzyna Skrzynecka Małgorzata Walewska Adam Strycharczuk Kacper Kuszewski
67%
14 edycja Katarzyna Skrzynecka MałgorzataWalewska Adam Strycharczuk Kacper Kuszewski
67%
15 edycja Katarzyna Skrzynecka MałgorzataWalewska Andrzej Gromee
Gromala
MichałWiśniewski
67%
16 edycja Katarzyna Skrzynecka Małgorzata Walewska Krzysztof Cugowski MichałWiśniewski
67%
17 edycja Katarzyna Skrzynecka Małgorzata Walewska Robert Janowski MichałWiśniewski
67%
18 edycja Małgorzata Walewska Robert Janowski Paweł Domagała
67%
19 edycja Małgorzata Walewska Robert Janowski Paweł Domagała
67%
20 edycja Piotr Gąsowski Małgorzata Walewska Robert Janowski
67%
21 edycja Piotr Gąsowski Małgorzata Walewska Justyna Steczkowska StefanoTerrazzino
67%
22 edycja Piotr Gąsowski Małgorzata Walewska Justyna Steczkowska StefanoTerrazzino
67%
4 edycja Katarzyna Skrzynecka Małgorzata Walewska Paweł Królikowski Adam Dj AdamusJaworski
67%
5 edycja Katarzyna Skrzynecka Małgorzata Walewska Paweł Królikowski BartekKasprzykowski
67%
6 edycja Katarzyna Skrzynecka Małgorzata Walewska PawełKrólikowski Bartek Kasprzykowski
67%
7 edycja Katarzyna Skrzynecka Małgorzata Walewska Paweł Królikowski Bartek Kasprzykowski
67%
8 edycja Katarzyna Skrzynecka Małgorzata Walewska Paweł Królikowski BartekKasprzykowski
67%
9 edycja Katarzyna Skrzynecka Małgorzata Walewska Paweł Królikowski Kacper Kuszewski
67%
Nie znaleziono quizów pasujących do podanych kryteriów
Rozkład punktacji
Procent ludzi z każdym wynikiem
Percentyl według liczby udzielonych odpowiedzi
Twoja historia wyników
Nie rozwiązałeś tego quizu